000 00847nam0a22002531 4500
001 rc\709390
005 20031121170746.5
035 _a(NLR Aleph) 005944606
090 _a6715118
_c6715118
100 _a20031121d1985 u |0rusy50 ca
101 0 _arus
102 _aRU
105 _aa |||||||||
200 1 _aРасчет сборных конструкций зданий с учетом податливости соединений
210 _aМ.
_cСтройиздат
_d1985
215 _a144 с.
_cил.
_d20
320 _aБиблиогр.: с. 142-144 (46 назв.)
700 1 _aВасильков
_bБ. С.
_gБорис Семенович
701 1 _aВолодин
_bН. М.
_gНиколай Михайлович
801 0 _aRU
_bNLR
_gpsbo
801 1 _aRU
_bELAR
_2rusmarc
852 _aNLR
_j85-3/9566
942 _cBOOK
980 _aNB